[Event "HCL-A2542"]
[Site "www.playchess.de"]
[Date "2006.02.15"]
[Round "4"]
[White "HOTSUN"]
[Black "carbug"]
[WhiteElo "1603"]
[BlackElo "1530"]
[PlyCount "59"]
[Result "1-0"]

1.e4 {hi bug}  e5 2.Nf3 {nice chess club you have 
but you only meet oncea month?}  Nf6 {Once 
officially. 1st Thurs is second game nite (no 
dues, no sign-in). I'd like to know any Thurs 
players would be hanging there.}  3.Nc3 {so cant 
you just not come to the 1st game night and not 
pay any dues?}  Nc6 {Sure, just not a big crowd 
yet.}  4.d3 Be7 5.h3 {i used to pay in a chess 
club in s.wales.}  d5 {Send me e-mail concerning 
"Chess in England" and I will include it in our 
Jan Newsletter.}  6.exd5 {it was in Wales,ill have 
to think about it.}  Nxd5 7.Bd2 O-O {Please 
forgive my poor geography knowledge, I meant, 
"Chess in the UK," or something like that...}  
8.Be2 {ok happy christmas}  f5 9.Nxd5 Qxd5 10.c4 
Qe6 11.Bc3 b6 12.O-O Bb7 13.Re1 Rad8 14.Bf1 e4 
15.Qb1 Qg6 16.dxe4 fxe4 17.Qxe4 Rd6 18.Qxg6 Rxg6 
19.Bd3 Rd6 20.Be4 Bf6 21.Bxf6 Rdxf6 22.Bxc6 Rxc6 
23.Ne5 Re6 24.Nd7 Rxe1+ 25.Rxe1 Rf4 26.b3 Rd4 
27.Re7 Re4 {(offering draw) Looks like a draw 
would get you in safe territory.}  28.Ne5 {id 
rather play on thanks maybe later}  Re1+ 29.Kh2 
Kf8 30.Ng6+ 1-0

[Event "HCL-E1561"]
[Site "www.playchess.de"]
[Date "2006.02.15"]
[Round "6"]
[White "Abra"]
[Black "mrchess"]
[WhiteElo "1503"]
[BlackElo "1418"]
[PlyCount "106"]
[Result "0-1"]

1.e4 {Prettige partij.}  c5 {bedankt jij ook}  
2.Nf3 Nc6 3.Bc4 d6 4.h3 Nf6 5.d3 a6 6.O-O Na5 
7.Nbd2 Nxc4 8.Nxc4 b5 9.Ne3 Bb7 10.b3 e6 11.Nh2 g6 
12.Neg4 Bg7 13.Bg5 h6 14.Nxf6+ Bxf6 15.Bxf6 Qxf6 
16.Ng4 Qg7 17.Qd2 O-O-O 18.a3 h5 19.Nh2 d5 20.exd5 
Rxd5 21.a4 b4 22.Rae1 Rhd8 23.Nf3 Rf5 24.Re3 Bxf3 
25.gxf3 Rdd5 26.Re4 Rxf3 27.Kg2 Qf6 28.Qe2 Rdf5 
29.Re3 Qg5+ 30.Kh2 Qf4+ 31.Kg2 Rxe3 32.fxe3 Qxf1+ 
33.Qxf1 Rxf1 34.Kxf1 Kd8 35.Kf2 Ke7 36.Kf3 Kf6 
37.h4 Ke5 38.Kg3 f5 39.Kf3 Kf6 40.d4 cxd4 41.exd4 
g5 42.Kg3 a5 43.hxg5+ Kxg5 44.Kf3 h4 45.Kg2 Kg4 
46.Kh2 f4 47.Kg2 f3+ 48.Kf2 h3 49.Kg1 Kf4 50.Kf2 
h2 51.d5 h1Q 52.dxe6 Qg2+ 53.Ke1 {Gefeliciteerd en 
tot ziens.}  Qe2+ {ok en bedankt} 
 0-1

[Event "HCL-A2604"]
[Site "www.playchess.de"]
[Date "2006.02.15"]
[Round "2"]
[White "wbaldan"]
[Black "dynamike"]
[WhiteElo "1690"]
[BlackElo "1457"]
[PlyCount "33"]
[Result "1-0"]

1.c4 Nf6 2.Nc3 g6 3.Nf3 Bg7 4.d4 d5 5.cxd5 Nxd5 
6.e4 Nxc3 7.bxc3 c5 8.Rb1 Nc6 9.d5 Bxc3+ 10.Bd2 
Bxd2+ 11.Qxd2 Nb8 12.Bb5+ Bd7 13.Bxd7+ Qxd7 14.Qb2 
Rg8 15.Qxb7 Qa4 16.O-O f5 17.Qxa8 1-0

[Event "ACL-A655"]
[Site "www.playchess.de"]
[Date "2006.02.15"]
[Round "11"]
[White "PrinceKheldar"]
[Black "Eishockeytorwart"]
[WhiteElo "1868"]
[BlackElo "1500"]
[PlyCount "28"]
[Result "0-1"]

1.Nf3 Nf6 {welcome from germany}  2.g3 Nc6 3.d4 d5 
4.Bg2 Bf5 5.Nh4 Be4 6.f3 Bg6 7.Nc3 Bh5 8.O-O e6 
9.Kh1 Be7 10.g4 Ng8 11.Nf5 exf5 12.gxh5 Nf6 13.h6 
g6 14.a3 Qd7 0-1

[Event "HCL-A2591"]
[Site "www.playchess.de"]
[Date "2006.02.15"]
[Round "10"]
[White "dynamike"]
[Black "maus"]
[WhiteElo "1431"]
[BlackElo "1348"]
[PlyCount "109"]
[Result "1-0"]

1.e4 c5 2.Nf3 Nc6 3.d4 e6 4.d5 exd5 5.exd5 Qe7+ 
6.Be2 Nd4 7.Nxd4 cxd4 8.Qxd4 Qb4+ 9.Qc3 Nf6 10.Bd2 
Qxc3 11.Nxc3 Bb4 12.Bc4 a6 13.a3 Bc5 14.O-O b5 
15.Ba2 O-O 16.h3 Bb7 17.Be3 Rfc8 18.Rad1 b4 19.Na4 
Ba7 20.Rd2 a5 21.Nb6 Bxb6 22.Bxb6 Ne4 23.Re2 Rce8 
24.Rfe1 Nf6 25.R2xe8+ Rxe8 26.Rxe8+ Nxe8 27.Bxa5 
bxa3 28.b4 d6 29.b5 Nf6 30.c4 Nd7 31.Bb4 Nc5 
32.Bxa3 Kf8 33.Kf1 Ke7 34.Ke2 g6 35.g4 Na4 36.Kd3 
Kd7 37.Kd4 Kc7 38.Bb3 Nb6 39.Bb4 Nd7 40.f4 Nf6 
41.Ba5+ Kd7 42.Ba4 Ke7 43.Bb6 Nd7 44.c5 dxc5+ 
45.Bxc5+ Nxc5 46.Kxc5 Kd7 47.b6+ Kd8 48.Kd6 h6 
49.Bc6 Kc8 50.Ke7 f5 51.gxf5 gxf5 52.Ke6 Ba6 
53.Kxf5 Bf1 54.h4 Bd3+ 55.Ke6 1-0

[Event "HCL-A2598"]
[Site "www.playchess.de"]
[Date "2006.02.15"]
[Round "2"]
[White "froilo"]
[Black "dynamike"]
[WhiteElo "1463"]
[BlackElo "1442"]
[PlyCount "56"]
[Result "1-0"]

1.Nf3 d5 2.b3 Nc6 3.Bb2 f6 4.e3 e5 5.Be2 Bd6 6.O-O 
Nge7 7.d3 O-O 8.Nbd2 Be6 9.a3 Qd7 10.g3 Ng6 11.b4 
h5 12.h4 Rae8 13.Nh2 f5 14.Bxh5 Bf7 15.Nhf3 f4 
16.Ng5 Nh8 17.Bg4 Qd8 18.Bf5 Bg6 19.Bxg6 Nxg6 
20.Qh5 Rf6 21.exf4 d4 22.Qh7+ Kf8 23.h5 Nge7 
24.fxe5 Nxe5 25.Bxd4 N7c6 26.Qh8+ Ke7 27.Qxg7+ Rf7 
28.Nxf7 Nxf7 1-0

[Event "HCL-A2598"]
[Site "www.playchess.de"]
[Date "2006.02.15"]
[Round "16"]
[White "mrchess"]
[Black "dynamike"]
[WhiteElo "1470"]
[BlackElo "1442"]
[PlyCount "59"]
[Result "1-0"]

1.d4 {prettige partij}  Nf6 2.c4 g6 3.Nc3 d5 
4.cxd5 Nxd5 5.e4 Nxc3 6.bxc3 Bg7 7.Bc4 c5 8.Bb2 
Qa5 9.Nf3 Nc6 10.O-O Bg4 11.Qb3 Bxf3 12.gxf3 cxd4 
13.Qxb7 O-O 14.Qxc6 Rac8 15.Qd5 Rc5 16.Qd7 Rxc4 
17.cxd4 Rd8 18.Qxe7 Bxd4 19.Bxd4 Rcxd4 20.Rfc1 
R4d2 21.Rc7 Rf8 22.Rxa7 Qb6 23.Rf1 Qb5 24.a4 Qe2 
25.Qf6 Rd3 26.Kg2 h5 27.e5 h4 28.h3 Re3 29.Re7 Ra3 
30.e6 1-0

[Event "HCL-B3772"]
[Site "www.playchess.de"]
[Date "2006.02.15"]
[Round "7"]
[White "kipkluifje02"]
[Black "chessH"]
[WhiteElo "1381"]
[BlackElo "1281"]
[PlyCount "100"]
[Result "1/2-1/2"]

1.e4 {hello}  e6 {Hi, wish u a good game.}  2.d4 
{thnx, same to you}  c5 3.c3 d5 4.exd5 exd5 5.Nf3 
cxd4 6.Nxd4 Bc5 7.Be3 Nf6 8.Bg5 O-O 9.h3 Nc6 
10.Nxc6 bxc6 11.Qf3 Re8+ 12.Be2 Ba6 13.Be3 Bxe2 
14.Qxe2 Ne4 15.O-O Bxe3 16.Qxe3 f5 17.Qf4 Qf6 
18.f3 g5 19.Qc7 Re7 20.Qh2 Nc5 21.Nd2 h5 22.g4 
Rae8 23.Rf2 h4 24.Nf1 Nd3 25.Rd2 Ne5 26.Qf2 Kh7 
27.Ne3 fxg4 28.Nxg4 Qf4 29.Kg2 Nc4 30.Rd4 Ne3+ 
31.Kh1 Nxg4 32.hxg4 Qd6 33.c4 R7e2 34.Qg1 Qf6 
35.Rf1 R8e3 36.Rf2 Rxf2 37.Qxf2 Qxd4 38.cxd5 cxd5 
39.Qc2+ Rd3 40.Qc7+ {just for fun, you win 
ofcource}  Qg7 41.Qc2 Qd4 42.Qc7+ Kg6 43.Qc6+ Kf7 
44.Qd7+ Kg6 45.Qf5+ {(offering draw)}  Kh6 46.Qe6+ 
Kh7 47.Qf7+ Qg7 48.Qh5+ Kg8 49.Qe8+ Kh7 50.Qh5+ 
Kg8 {(offering draw) fine!}  1/2-1/2

[Event "HCL-B3852"]
[Site "www.playchess.de"]
[Date "2006.02.15"]
[Round "5"]
[White "Saladin"]
[Black "Mauro_R_Santos"]
[WhiteElo "1316"]
[BlackElo "1627"]
[PlyCount "31"]
[Result "1-0"]

1.e3 e5 2.d4 exd4 {Greetings From Brazil}  3.Qxd4 
{thanks, good game.}  Na6 4.Qe4+ Be7 5.Qg4 Nh6 
6.Qxg7 Rg8 7.Qxh6 Nb4 8.Na3 Bg5 9.Qxh7 Rf8 10.Qe4+ 
Be7 11.Nh3 d5 12.Qf4 d4 13.Bd3 dxe3 14.Qxe3 b6 
15.Bd2 Ba6 16.Bxb4 1-0

[Event "HCL-A2564"]
[Site "www.playchess.de"]
[Date "2006.02.15"]
[Round "12"]
[White "RUDI"]
[Black "Matu"]
[WhiteElo "1282"]
[BlackElo "1495"]
[PlyCount "108"]
[Result "0-1"]

1.e4 {Ich grüße Dich!}  d5 {hallo und viel glück}  
2.exd5 Qxd5 {danke gleichfalls}  3.Nc3 Qa5 4.Nf3 
Nf6 5.Bc4 Bg4 6.O-O e6 7.a3 c6 8.d3 Be7 9.Bd2 Nbd7 
10.Nd5 Qd8 11.Nxe7 Qxe7 12.b4 Ne5 13.Bg5 Rd8 
14.Qe2 Bxf3 15.gxf3 Nxc4 16.dxc4 h6 17.Bxf6 Qxf6 
18.Kh1 Qc3 19.Rfg1 g6 20.c5 Rd2 21.Qe4 Qxc2 
22.Qxc2 Rxc2 23.Kg2 Ke7 24.Rgd1 Rd8 25.Rxd8 Kxd8 
26.Rd1+ Ke7 27.Rd3 e5 28.h3 f5 29.Rd6 Rc3 30.Rxg6 
Rxa3 31.Rxh6 Rb3 32.Rh7+ Ke6 33.Rxb7 a5 34.Rc7 
Rxb4 35.Rxc6+ Kd5 36.Rc8 Rc4 37.Rf8 f4 38.h4 Rxc5 
39.Rd8+ Kc4 40.h5 a4 41.h6 Rc7 42.Rg8 Rh7 43.Ra8 
Kb3 44.Ra6 a3 45.Kh3 a2 46.Rb6+ Kc2 47.Rc6+ Kd2 
48.Rd6+ Ke2 49.Ra6 Rxh6+ 50.Rxh6 a1Q 51.Kg4 Kxf2 
52.Rh2+ Ke3 53.Rh5 Qg1+ 54.Kh4 {das bringt nix 
mehr. Dein letzter Zug. bis zum nächsten Mal!}  
Qg3+ 0-1

[Event "HCL-A2480"]
[Site "www.playchess.de"]
[Date "2006.02.15"]
[Round "9"]
[White "kali"]
[Black "Lennin"]
[WhiteElo "1458"]
[BlackElo "1484"]
[PlyCount "68"]
[Result "0-1"]

1.e4 e5 2.Nf3 Nf6 3.Nxe5 d6 4.Nf3 Nxe4 5.d4 d5 
6.Bd3 Be7 7.O-O O-O 8.c3 Bg4 9.h3 Bh5 10.Re1 Nf6 
11.Bg5 Nbd7 12.Nbd2 c5 13.Qc2 Bg6 14.Bxg6 hxg6 
15.dxc5 Bxc5 16.b4 Bb6 17.a4 a6 18.a5 Ba7 19.Ne5 
Rc8 20.Nxd7 Qxd7 21.Nf3 Ne4 22.Be3 Rxc3 23.Qe2 
Bxe3 24.fxe3 Rfc8 25.Nd4 Qd6 26.Qf3 R8c7 27.Qf4 
Qxb4 28.Nf3 Qb2 29.Nd4 g5 30.Qf5 Rxe3 31.Nf3 Qf2+ 
32.Kh2 Rc2 33.Reg1 Qg3+ 34.Kh1 
Nf2+ 0-1

[Event "HCL-A2588"]
[Site "www.playchess.de"]
[Date "2006.02.15"]
[Round "3"]
[White "mrchess"]
[Black "dynamike"]
[WhiteElo "1470"]
[BlackElo "1442"]
[PlyCount "68"]
[Result "0-1"]

1.d4 {prettige partij}  Nf6 2.Nf3 g6 3.Bg5 Bg7 
4.e3 O-O 5.c4 d5 6.Nc3 c6 7.Be2 Nbd7 8.cxd5 Nxd5 
9.Rc1 h6 10.Bh4 N7f6 11.O-O g5 12.Bg3 Nh5 13.Be5 
f6 14.Bg3 Nxg3 15.hxg3 e5 16.dxe5 fxe5 17.Bc4 Be6 
18.e4 Nc7 19.Bxe6+ Nxe6 20.Qb3 Qe7 21.Rfd1 Kh8 
22.Rd2 Nd4 23.Nxd4 exd4 24.Ne2 Rad8 25.Rc4 c5 
26.f3 b6 27.Qd3 b5 28.Rc1 c4 29.Qb1 d3 30.Nc3 Bd4+ 
31.Kh1 Be3 32.Rdd1 Qe5 33.a4 Qxg3 34.Nd5 
Qh4+ 0-1

[Event "HCL-B3850"]
[Site "www.playchess.de"]
[Date "2006.02.15"]
[Round "10"]
[White "Skipper_Robert"]
[Black "spencer"]
[WhiteElo "995"]
[BlackElo "996"]
[PlyCount "116"]
[Result "0-1"]

1.e4 e5 2.Nf3 Qf6 3.d3 g5 4.Nxg5 Bc5 5.Nf3 d6 
6.Bg5 Qg6 7.Qd2 h6 8.Be3 Bg4 9.Be2 a5 10.Bxc5 dxc5 
11.a4 Bxf3 12.Bxf3 Qb6 13.b3 Na6 14.O-O h5 15.Qg5 
Qf6 16.Qd2 b6 17.Nc3 c6 18.Qe3 Rh7 19.Qe2 Qg6 
20.Nd1 Rg7 21.g3 h4 22.Bh5 Qg5 23.Qf3 Nf6 24.Ne3 
hxg3 25.fxg3 Nxh5 26.Nf5 Ra7 27.Rad1 Rg6 28.c3 Ng7 
29.d4 Nxf5 30.exf5 Rh6 31.dxe5 Qh5 32.Qxh5 Rxh5 
33.g4 Rh4 34.g5 Rg4+ 35.Kh1 Rxg5 36.Rde1 Re7 37.e6 
fxe6 38.fxe6 Rg6 39.h3 Rgxe6 40.Rxe6 Rxe6 41.Kh2 
b5 42.h4 bxa4 43.bxa4 Re3 44.c4 Rc3 45.Re1+ Kf7 
46.Re4 Rd3 47.h5 Kg7 48.Re6 Rd4 49.Kh3 Rxc4 50.h6+ 
Kh7 51.Rxc6 Nb4 52.Re6 Nd3 53.Ra6 Rxa4 54.Re6 Rd4 
55.Ra6 a4 56.Re6 c4 57.Ra6 Nb2 58.Rb6 
c3 0-1

[Event "HCL-A2581"]
[Site "www.playchess.de"]
[Date "2006.02.15"]
[Round "20"]
[White "kan_selv"]
[Black "wbaldan"]
[WhiteElo "2115"]
[BlackElo "1344"]
[PlyCount "48"]
[Result "1/2-1/2"]

1.e4 e5 2.Nf3 Nc6 3.Bc4 Bc5 4.O-O d6 5.c3 Qf6 6.b4 
Bb6 7.a4 a5 8.b5 Nd8 9.d4 Bg4 10.dxe5 dxe5 11.Bg5 
Qxg5 12.Nxg5 Bxd1 13.Rxd1 Nh6 14.h3 f6 15.Nf3 Nhf7 
16.Nbd2 Nd6 17.Bd5 Ke7 18.Ne1 c6 19.bxc6 bxc6 
20.Nc4 Nxc4 21.Bxc4 Ne6 22.Nd3 Rab8 23.Ra2 Rhd8 
24.Rad2 Ng5 {(offering draw)}  1/2-1/2

[Event "HCL-B3890"]
[Site "www.playchess.de"]
[Date "2006.02.15"]
[Round "3"]
[White "Sporang"]
[Black "chessH"]
[WhiteElo "1006"]
[BlackElo "1282"]
[PlyCount "34"]
[Result "0-1"]

1.e4 e5 2.Nf3 Nc6 3.Bc4 Be7 4.d3 Nf6 5.b3 O-O 
6.Bb2 d5 7.exd5 Nxd5 8.Nxe5 Nxe5 9.Bxe5 Re8 10.O-O 
c6 11.Nc3 Nxc3 12.Bxc3 Bf5 13.a4 Bf6 14.Bxf6 Qxf6 
15.Qd2 Rad8 16.Rfe1 h6 17.Re3 Qxa1+ 0-1

[Event "HCL-C3995"]
[Site "www.playchess.de"]
[Date "2006.02.15"]
[Round "10"]
[White "Thrustnicely"]
[Black "Idris"]
[WhiteElo "1053"]
[BlackElo "895"]
[PlyCount "94"]
[Result "0-1"]

1.d4 {Hi - get ready for a massive attack}  d5 
{Hi, I look forward to a good battle:)}  2.h4 h5 
3.b4 b5 4.e3 e6 5.f4 {This is starting to look 
like a line dance !!}  f5 {lol. Its the only 
logical way I can think of defending. I am certain 
it will end with me defeat. But I can hope.}  
6.Bxb5+ {Excellent - in theory you should be able 
to check me real sooon}  c6 {I'm glad someone 
knows whats happening:) But I think I shall grab a 
pawn back,pretttty soon.}  7.Bd3 Bxb4+ 8.c3 Be7 
9.Nf3 Bf6 10.Nbd2 Ne7 11.a4 Bd7 12.Ba3 Ng6 13.c4 
dxc4 14.Bxc4 Ne7 15.Qb3 Ng6 16.Ne5 Bxh4+ 17.Ke2 
Nxe5 18.dxe5 g6 19.Qb4 Be7 20.Qb7 {That's not what 
i was hoping for - if you don't make it easy for 
me i won't wish u a happy new year !!}  c5 {If 
life were ever easy:) i should know I turned 42 on 
the 27th Dec:( lol}  21.Qxa8 {Ouch !! i turn that 
nasty corner in April -  Forty's only bearable 
until it becomes forty something :-(_}  Bc6 {Oh 
yes. Havnt had any answers yet. lol.}  22.Qxa7 
Bxg2 23.Rhb1 Nc6 24.Bb5 O-O 25.Bxc6 Bxc6 26.Bxc5 
Bxc5 27.Qxc5 Bd7 28.a5 Qh4 29.Qa7 Qg4+ 30.Kd3 Be8 
31.Rb8 Qg2 32.Rd8 Bb5+ 33.Kc2 {ouch !!}  Rxd8 
34.Rd1 Ba4+ {Indeed:)}  35.Kc1 Bxd1 36.Qc7 Qxd2+ 
37.Kb1 h4 38.a6 h3 39.a7 h2 40.Qc6 Qb4+ 41.Kc1 
Qa3+ 42.Kb1 Qxa7 43.Qxe6+ Kh7 44.Qf6 h1Q 45.Qxd8 
Bb3+ 46.Kb2 Qa2+ 47.Kc3 {but i'm not long for this 
game !!}  Qe1+ {Seems so:)}  0-1

[Event "HCL-B3887"]
[Site "www.playchess.de"]
[Date "2006.02.15"]
[Round "6"]
[White "IRONMAIDEN"]
[Black "mib"]
[WhiteElo "1228"]
[BlackElo "919"]
[PlyCount "51"]
[Result "1-0"]

1.c4 {Hello from Germany!}  e6 2.d4 Qf6 {am from 
Nigeria}  3.Nf3 {good soccer-players there}  Bd6 
{same to your place also}  4.e3 b6 5.Be2 Bb7 6.O-O 
Na6 7.Nc3 Qh6 8.h3 Qf6 9.e4 Qd8 10.a3 Qb8 11.e5 
Be7 12.d5 Nh6 13.b4 O-O 14.d6 cxd6 15.exd6 Bxd6 
16.Bb2 Bc6 17.c5 bxc5 18.Bxa6 Nf5 19.Bd3 Nd4 
20.Nxd4 cxd4 21.Ne4 Be5 22.f4 Bf6 23.Nxf6+ gxf6 
24.Bxd4 Qb7 25.Qg4+ Kh8 26.Bxf6+ 1-0

[Event "HCL-B3808"]
[Site "www.playchess.de"]
[Date "2006.02.15"]
[Round "13"]
[White "The_Iceman75"]
[Black "nichju"]
[WhiteElo "1473"]
[BlackElo "973"]
[PlyCount "85"]
[Result "1-0"]

1.e4 {Viel Glück aus Hamburg}  e5 {Ebenso viel 
Glück aus Allendorf/Lda. (70 km nördlich von FFM)} 
 2.Nf3 Nc6 3.c3 Nf6 4.d4 exd4 5.e5 Ng4 6.cxd4 d6 
7.h3 Nh6 8.Bxh6 gxh6 9.Nc3 dxe5 10.dxe5 Bb4 
11.Qxd8+ Nxd8 12.Bc4 Be6 13.Bxe6 fxe6 14.O-O-O Nc6 
15.Nb5 Rc8 16.Nfd4 Rf8 17.Rhf1 a6 18.Nxc6 bxc6 
19.Nd4 Kd7 20.Nc2+ Bd6 21.exd6 cxd6 22.Rd3 d5 
23.Rg3 c5 24.Rg7+ Kc6 25.Rxh7 Rf6 26.Ne3 d4 27.Ng4 
Rg6 28.Rxh6 Rxh6 29.Nxh6 Rh8 30.Ng4 Rh5 31.Re1 Kd5 
32.Nf6+ Kd6 33.Nxh5 e5 34.f4 exf4 35.Nxf4 Kc6 
36.g4 Kb5 37.g5 c4 38.g6 d3 39.g7 Kb4 40.g8Q c3 
41.bxc3+ Kxc3 42.Qb3+ Kd4 43.Ne6+ 1-0

[Event "HCL-A2581"]
[Site "www.playchess.de"]
[Date "2006.02.15"]
[Round "16"]
[White "kan_selv"]
[Black "Spotsychess"]
[WhiteElo "2115"]
[BlackElo "1448"]
[PlyCount "31"]
[Result "1-0"]

1.e4 e6 2.d4 b6 3.Nf3 Bb7 4.Bd3 Nf6 5.e5 Nd5 6.O-O 
d6 7.c4 Ne7 8.exd6 cxd6 9.Nc3 Nd7 10.Bg5 h6 11.Bf4 
Nf6 12.Nb5 Nc6 13.d5 Nb4 14.Qa4 Nxd3 15.Nxd6+ Ke7 
16.Nf5+ 1-0

[Event "HCL-C4168"]
[Site "www.playchess.de"]
[Date "2006.02.15"]
[Round "8"]
[White "donsimon"]
[Black "Skipper_Robert"]
[WhiteElo "1100"]
[BlackElo "1008"]
[PlyCount "45"]
[Result "1-0"]

1.e4 e5 2.c4 Nc6 3.d3 Nf6 4.Nf3 Qe7 5.d4 Nxe4 
6.Bd3 exd4 7.O-O d6 8.Re1 f5 9.Nbd2 Be6 10.Nxe4 
fxe4 11.Bxe4 O-O-O 12.Bg5 Qf7 13.Bxd8 Kxd8 14.Bxc6 
bxc6 15.Qxd4 c5 16.Qe4 Bxc4 17.Ng5 Qh5 18.Qc6 h6 
19.Ne6+ Bxe6 20.Rxe6 g5 21.Rae1 Bg7 22.Qa8+ Kd7 
23.R6e7+ 1-0

[Event "HCL-C4161"]
[Site "www.playchess.de"]
[Date "2006.02.15"]
[Round "1"]
[White "Skipper_Robert"]
[Black "Tribun"]
[WhiteElo "991"]
[BlackElo "759"]
[PlyCount "53"]
[Result "1-0"]

1.d4 d5 2.Nd2 Nc6 3.Ngf3 h6 4.e4 Bg4 5.Be2 e5 
6.exd5 Qxd5 7.c3 Be6 8.Nc4 e4 9.Nfe5 Nce7 10.Bf4 
f6 11.Bh5+ Kd8 12.Be2 f5 13.O-O Nc6 14.Ng6 b5 
15.Nce5 Qd7 {keine Ahnung -mach Du mal!!}  16.Nxd7 
{na gut}  Bxd7 17.Nxf8 e3 18.fxe3 Nf6 19.Ng6 Re8 
20.Bxb5 Re6 21.d5 Nxd5 22.Qxd5 Rxg6 23.Qg8+ Be8 
24.Rad1+ Rd6 25.Bxc6 Rxd1 26.Rxd1+ Kc8 
27.Qxe8+ 1-0

[Event "HCL-A2554"]
[Site "www.playchess.de"]
[Date "2006.02.15"]
[Round "18"]
[White "mrchess"]
[Black "Zembla"]
[WhiteElo "1437"]
[BlackElo "1471"]
[PlyCount "58"]
[Result "0-1"]

1.d4 {good luck}  d5 {thanks,you too}  2.e3 Nf6 
3.Nd2 Nc6 4.c3 e5 5.dxe5 Nxe5 6.Ngf3 Nxf3+ 7.Nxf3 
Bc5 8.Nd4 O-O 9.Bd3 Ne4 10.O-O f5 11.f3 Ng5 12.Qb3 
Kh8 13.f4 Ne4 14.Nf3 c6 15.Bxe4 fxe4 16.Nd4 Qh4 
17.Bd2 Bb6 18.g3 Qh3 19.Rf2 Bd7 20.Raf1 Rf6 21.Qd1 
Bg4 22.Qb3 Raf8 23.c4 c5 24.Ne2 d4 25.exd4 cxd4 
26.Nc1 d3 27.c5 Bxc5 28.Qxb7 Bf3 29.Nxd3 
Qg2+ 0-1

[Event "HCL-A2546"]
[Site "www.playchess.de"]
[Date "2006.02.15"]
[Round "2"]
[White "mrchess"]
[Black "hreed"]
[WhiteElo "1489"]
[BlackElo "1477"]
[PlyCount "65"]
[Result "1-0"]

1.d4 {good luck}  d5 {good chess}  2.e3 Bf5 3.c4 
e6 4.Nc3 c6 5.Qb3 Qb6 6.Nf3 Nf6 7.Qxb6 axb6 8.cxd5 
exd5 9.Bd2 Na6 10.a3 Nb4 11.Rc1 Nd3+ 12.Bxd3 Bxd3 
13.Ne5 Ba6 14.Na4 Bb5 15.Nc3 Ba6 16.f3 b5 17.b4 
Bd6 18.O-O O-O 19.f4 Rac8 20.Ne2 Ne4 21.Be1 Rcd8 
22.Ng3 Nxg3 23.Bxg3 Rfe8 24.Rf3 f6 25.Nd3 Bb8 
26.Kf2 Rdc8 27.Nc5 Bd6 {(offering draw)}  28.f5 
Bxg3+ 29.Rxg3 Rc7 30.Ne6 Rce7 {we should pick a 
game to annotate together some time :-)}  31.h4 
{yes maybe}  Rc8 32.h5 h6 33.e4 1-0

[Event "HCL-B3866"]
[Site "www.playchess.de"]
[Date "2006.02.16"]
[Round "3"]
[White "cheloveck"]
[Black "morten"]
[WhiteElo "1131"]
[BlackElo "1303"]
[PlyCount "54"]
[Result "1-0"]

1.c4 e5 2.e4 Nf6 3.Nc3 Bc5 4.h3 d6 5.Nf3 Be6 6.Nd5 
Nxe4 7.d4 Bxd4 8.Nxd4 exd4 9.Qxd4 Bxd5 10.Qxd5 Nc5 
11.b4 c6 12.Qd4 Ne6 13.Qe4 Qf6 14.Rb1 O-O 15.Bd3 
Qe5 16.O-O f5 17.Qxe5 dxe5 18.Bb2 Nd4 19.f4 Na6 
20.fxe5 Rad8 21.Bxd4 Rxd4 22.Bxf5 Re8 23.b5 Nc5 
24.bxc6 bxc6 25.e6 Nxe6 26.Bxe6+ Rxe6 27.Rb8+ Rd8 
{good play!}  1-0

[Event "HCL-B3803"]
[Site "www.playchess.de"]
[Date "2006.02.16"]
[Round "9"]
[White "longbow37"]
[Black "Oreocereus_trollii"]
[WhiteElo "1050"]
[BlackElo "1502"]
[PlyCount "39"]
[Result "1-0"]

1.e4 c5 2.d4 cxd4 3.Qxd4 Nc6 4.Qc4 e6 5.Nc3 a6 
6.Nf3 b5 7.Nxb5 axb5 8.Qxb5 Ba6 9.Qg5 Qxg5 10.Bxg5 
Bxf1 11.Rxf1 Bc5 12.c3 f6 13.b4 fxg5 14.bxc5 Ra5 
15.Nxg5 Rxc5 16.f4 Nge7 17.Kd2 O-O 18.a4 Na5 
19.Rad1 h6 20.Nh3 1-0

[Event "HCL-C4110"]
[Site "www.playchess.de"]
[Date "2006.02.16"]
[Round "7"]
[White "dg"]
[Black "longino"]
[WhiteElo "1210"]
[BlackElo "1138"]
[PlyCount "109"]
[Result "1-0"]

1.e4 {hi there}  d6 2.d4 e6 3.Nf3 a6 4.Nc3 g6 
5.Bd3 Bg7 6.Be3 Ne7 7.h3 Nbc6 8.a3 O-O 9.g4 d5 
10.e5 Na7 11.h4 c5 12.dxc5 Nac6 13.Nd4 Nxe5 14.h5 
Nxd3+ 15.Qxd3 e5 16.Nf3 d4 17.O-O-O Bxg4 18.Qe4 
Bf5 19.Qxb7 Qe8 20.Nxd4 exd4 21.Bxd4 Bh6+ 22.Be3 
Bxe3+ 23.fxe3 Bg4 24.Rdg1 Be6 25.Rh2 Nf5 26.hxg6 
Bc4 27.gxh7+ Kh8 28.Qf3 Qxe3+ 29.Qxe3 Nxe3 30.Ne4 
Nf5 31.Nf6 Ne7 32.b3 Be6 33.a4 Ng6 34.b4 Rad8 
35.b5 axb5 36.axb5 Rdc8 37.c6 Bc4 38.Rh5 Be2 
39.Rc5 Kg7 40.Nd7 Rfh8 41.b6 Ba6 42.b7 Bxb7 
43.cxb7 Rxc5 44.Nxc5 Rb8 45.Rg4 Kxh7 46.Ra4 Ne5 
47.Ra8 Nc6 48.Ra3 Nd8 49.Rb3 f5 50.Kd2 Kg6 51.Ke3 
Kg5 52.Kf3 f4 53.c4 Kf5 54.Rb5 Kf6 55.Nd7+ {thanx} 
 1-0

[Event "HCL-A2546"]
[Site "www.playchess.de"]
[Date "2006.02.16"]
[Round "12"]
[White "kylejmiles"]
[Black "stevetilbury"]
[WhiteElo "1472"]
[BlackElo "1550"]
[PlyCount "58"]
[Result "0-1"]

1.e4 e6 2.d4 d5 3.exd5 Qxd5 4.Nf3 Nf6 5.c4 Qd8 
6.Nc3 b6 7.Bd3 Bb7 8.Be3 Nbd7 9.O-O Be7 10.Qe2 O-O 
11.Rad1 Qe8 12.Ng5 h6 13.Nf3 c5 14.Ne5 cxd4 
15.Bxd4 Rd8 16.f4 Nc5 17.Bxc5 Bxc5+ 18.Kh1 a6 
19.Ne4 Bxe4 20.Bxe4 Rxd1 21.Rxd1 Nxe4 22.Qxe4 Qa4 
23.b3 Qxa2 24.h3 Qxb3 25.Rd7 Qe3 26.Qxe3 Bxe3 
27.Ra7 a5 28.Nd7 Rc8 29.Ne5 Bxf4 0-1

[Event "HCL-M875"]
[Site "www.playchess.de"]
[Date "2006.02.16"]
[Round "3"]
[White "Jeroen"]
[Black "Eaglewingz"]
[WhiteElo "2025"]
[BlackElo "1974"]
[PlyCount "57"]
[Result "1/2-1/2"]

1.e4 {Hello - I hope it will be a nice game. Good 
luck.}  c5 {Hello Jeroen, yes, good luck to you.}  
2.f4 d5 3.d3 Nc6 4.Be2 e6 5.Nf3 Nf6 6.e5 Nd7 7.c3 
Be7 8.O-O O-O 9.Be3 f6 10.d4 Qb6 {Happy New Year!} 
 11.Qd2 {Thanks - happy new year too!}  cxd4 
{thanks}  12.cxd4 a6 13.Nc3 Qc7 14.Rac1 b5 15.exf6 
Rxf6 16.Qc2 Bb7 17.Bd3 g6 18.Ne5 Ndxe5 19.dxe5 Rf7 
20.Ne2 Qc8 21.Nd4 Nxd4 22.Bxd4 Qxc2 23.Rxc2 Rc8 
24.Rxc8+ Bxc8 25.Rc1 Bb7 26.g3 Bd8 27.h4 Rc7 
28.Rxc7 Bxc7 29.Kf2 {(offering draw)} 
 1/2-1/2

[Event "HCL-C4076"]
[Site "www.playchess.de"]
[Date "2006.02.16"]
[Round "10"]
[White "pera"]
[Black "Thrustnicely"]
[WhiteElo "941"]
[BlackElo "960"]
[PlyCount "100"]
[Result "0-1"]

1.e4 e5 2.Nf3 f6 3.c4 c5 4.Be2 h5 5.Nh4 Ne7 6.Nc3 
Rh6 7.d4 cxd4 8.Nd5 b5 9.Bxh6 Nxd5 10.Bxh5+ Ke7 
11.Ng6+ Kd6 12.exd5 gxh6 13.Nxf8 Qxf8 14.cxb5 Bb7 
15.Qd2 Qg7 16.Bf3 Bxd5 17.Qb4+ Ke6 18.Qc5 Bxf3 
19.gxf3 Qg2 20.Rf1 Qxf3 21.Qc4+ Kf5 22.Qc2+ Qe4+ 
23.Qe2 Qxe2+ 24.Kxe2 d6 25.Rac1 Nd7 26.Rc7 Nc5 
27.Rh7 d3+ 28.Kd2 e4 29.Rxh6 Rb8 30.Rh5+ Kf4 31.b4 
Nd7 32.Rd5 Ne5 33.Rxd6 Nc4+ 34.Kc3 Nxd6 35.a4 Kf3 
36.h4 Ke2 37.Ra1 d2 38.Kc2 Rc8+ 39.Kb2 d1Q 40.Rxd1 
Kxd1 41.h5 Rh8 42.b6 axb6 43.a5 bxa5 44.bxa5 Nc4+ 
45.Kc3 Nxa5 46.Kd4 f5 47.Ke5 Rxh5 48.Kf4 Nc4 49.f3 
e3 50.Kg3 e2 0-1

[Event "HCL-E1535"]
[Site "www.playchess.de"]
[Date "2006.02.16"]
[Round "20"]
[White "alldrix"]
[Black "Emerson"]
[WhiteElo "1600"]
[BlackElo "1792"]
[PlyCount "59"]
[Result "1/2-1/2"]

1.e4 e5 {welcome again!}  2.Nc3 {hi!!! :D}  c6 
3.Bc4 Nf6 4.Nf3 b5 5.Bb3 b4 6.Ne2 Nxe4 7.Nxe5 d5 
8.d3 Nc5 9.O-O Bd6 10.Bf4 O-O 11.Re1 Qf6 12.d4 Ne6 
13.Qd2 Nxf4 14.Nxf4 a5 15.c3 Qg5 16.Bc2 f6 17.Ned3 
Ba6 18.Re6 Bxd3 19.Qxd3 Bxf4 20.Qxh7+ Kf7 21.Rae1 
Ra7 22.Bd1 Be5 23.Rd6 Qd2 {uff - a difficult 
position!}  24.Bh5+ {worse for me, without one 
piece, i cant fail :)}  Ke7 {we will see...}  
25.Qxg7+ Kxd6 26.Qxf8+ Kc7 27.Rd1 Qg5 28.Qe7+ Kb6 
29.Qc5+ Kb7 {what do you think about a draw?}  
30.Be8 {(offering draw) ok}  1/2-1/2